Diseño de espacios exteriores piscinas, albercas, jacuzzis, termas. Design for contemporary exteriors swimming-pools spas, jacuzzis, hot-tubs. v.3

Bibliographic Details
Main Author: España. Daly S
Format: Section = Libro
Language:Undetermined
Spanish
Published: España Daly 2005
Subjects:
LEADER 00742nam a2200229Ia 4500
008 240829s9999 xx 000 0 und d
020 |a 84-95818-57-4 
040 |a BIBLIOTECA-RUSB/ Ref 728.9 E77, v.3 
041 |a spa 
082 |a Ref 728.9 E77, v.3 
100 1 |a España. Daly S 
245 1 0 |a Diseño de espacios exteriores piscinas, albercas, jacuzzis, termas. Design for contemporary exteriors swimming-pools spas, jacuzzis, hot-tubs. v.3 
260 |a España  |b Daly  |c 2005 
300 |a 80 p. :il. 
650 7 |a PISCINAS - DISEÑO 
650 7 |b  PISCINAS OLÍMPICAS 
650 7 |c  PISCINAS ATLÉTICAS 
650 7 |d  PISCINAS ASIMÉTRICA - TERMAS 
650 7 |e  PISCINAS HORMIGÓN 
942 |c BK  |2 ddc 
991 |a TEXTO 
999 |c 6577